Lemuel Thomas Foote papers, (Record no. 42905)

MARC details
000 -LEADER
fixed length control field 01697cpcaa2200361 4500
001 - CONTROL NUMBER
control field mm 80058933
003 - CONTROL NUMBER IDENTIFIER
control field DLC
005 - DATE AND TIME OF LATEST TRANSACTION
control field 20260227111705.0
008 - FIXED-LENGTH DATA ELEMENTS--GENERAL INFORMATION
fixed length control field 800605|||||||||||| eng
010 ## - LIBRARY OF CONGRESS CONTROL NUMBER
LC control number mm 80058933
NUCMC control number ms 80002042
040 ## - CATALOGING SOURCE
Original cataloging agency DLC
Description conventions dacs
Transcribing agency DLC
Modifying agency DLC
072 #7 - SUBJECT CATEGORY CODE
Subject category code W
Source lcmd
100 1# - MAIN ENTRY--PERSONAL NAME
Personal name Foote, Lemuel Thomas papers,
Dates associated with a name 1832-1908.
245 00 - TITLE STATEMENT
Title Lemuel Thomas Foote papers,
Inclusive dates 1856-1937
Bulk dates (bulk 1862-1865).
300 ## - PHYSICAL DESCRIPTION
Extent 110
Type of unit items.
300 ## - PHYSICAL DESCRIPTION
Extent 1
Type of unit container.
506 0# - RESTRICTIONS ON ACCESS NOTE
Terms governing access Open to research.
520 8# - SUMMARY, ETC.
Summary, etc. Correspondence, military papers, verses, and miscellany relating chiefly to Foote's service, first as lieutenant and then as chaplain, in the 151st New York Infantry. Includes letters to his wife, Emily Whitney Foote, from camps along the Rapidan and Rappahannock Rivers in Virginia and letters from Emily in Warren's Corners and Royalton, Niagara County, N.Y. I
545 0# - BIOGRAPHICAL OR HISTORICAL DATA
Biographical or historical data Clergyman and army officer.
546 ## - LANGUAGE NOTE
Language note Collection material in English.
600 10 - SUBJECT ADDED ENTRY--PERSONAL NAME
Personal name Foote, Emily Whitney,
Dates associated with a name -1911
Form subdivision Correspondence.
610 10 - SUBJECT ADDED ENTRY--CORPORATE NAME
Corporate name or jurisdiction name as entry element United States.
Subordinate unit Army.
-- New York Infantry Regiment, 151st (1862-1865)
651 #0 - SUBJECT ADDED ENTRY--GEOGRAPHIC NAME
Geographic name Niagara County (N.Y.)
General subdivision History.
651 #0 - SUBJECT ADDED ENTRY--GEOGRAPHIC NAME
Geographic name New York (State)
General subdivision History
Chronological subdivision Civil War, 1861-1865.
651 #0 - SUBJECT ADDED ENTRY--GEOGRAPHIC NAME
Geographic name New York (State)
General subdivision Social life and customs.
651 #0 - SUBJECT ADDED ENTRY--GEOGRAPHIC NAME
Geographic name Rapidan River (Va.)
General subdivision History.
651 #0 - SUBJECT ADDED ENTRY--GEOGRAPHIC NAME
Geographic name Rappahannock River (Va.)
General subdivision History.
651 #0 - SUBJECT ADDED ENTRY--GEOGRAPHIC NAME
Geographic name Virginia
General subdivision History
Chronological subdivision Civil War, 1861-1865.
656 #7 - INDEX TERM--OCCUPATION
Occupation Army officers.
Source of term itoamc
656 #7 - INDEX TERM--OCCUPATION
Occupation Clergy.
Source of term itoamc

No items available.

Powered by Koha